Statistics for Guess the Celebrity

Click here to take the quiz!

General Stats

  • This quiz has been taken 157 times
  • The average score is 11 of 15

Answer Stats

Answer% Correct
Taylor Swift
98%
Selena Gomez
96%
Adele
94%
Nicki Minaj
93%
Kylie Jenner
86%
Pitbull
85%
Serena Williams
80%
Mark Zuckerburg
75%
Ryan Reynolds
72%
Meghan Markle
64%
Mila Kunis
64%
Lionel Messi
63%
Emily Blunt
38%
Justin Trudeau
30%
Tom Hardy
30%

Score Distribution

Percentile by Number Answered

Percent of People with Each Score

Your Score History

You have not taken this quiz